Encyclopaedia of world great psychologists. 3V (Record no. 7352)

MARC details
000 -LEADER
fixed length control field 00483nam a2200169Ia 4500
008 - FIXED-LENGTH DATA ELEMENTS--GENERAL INFORMATION
fixed length control field 230917s9999||||xx |||||||||||||| ||und||
020 ## - ISBN
Price RS 4000.00 (set of 3 vol.)
040 ## - CATALOGING SOURCE
-- 5004534
Original cataloging agency VIVEKANANDA LIBRARY
041 ## - Language
-- English
082 ## - DDC NUMBER
Classification number 150.922 T399E
100 ## - MAIN ENTRY--PERSONAL NAME
Personal name Thou, Teisi
245 #0 - TITLE STATEMENT
Title Encyclopaedia of world great psychologists. 3V
260 ## - PUBLICATION, DISTRIBUTION, ETC. (IMPRINT)
Place of publication, distribution, etc Jaipur
Name of publisher, distributor, etc ABD Publishers
Date of publication, distribution, etc 2020
300 ## - PHYSICAL DESCRIPTION
Pages xii, 304 p.
500 ## - GENERAL NOTE
General note 4821 19/12/2022 OBC22/9674 20/12/2022 Main Budget
942 ## - ADDED ENTRY ELEMENTS (KOHA)
Koha item type Books
Holdings
Withdrawn status Lost status Damaged status Not for loan Location (home branch) Sublocation or collection (holding branch) Date acquired Koha issues (times borrowed) Koha full call number Accession No. Koha date last seen Koha item type
        VIVEKANANDA LIBRARY VIVEKANANDA LIBRARY 17/01/2023   150.922 T399E 406161 17/09/2023 Books
        VIVEKANANDA LIBRARY VIVEKANANDA LIBRARY 17/01/2023   150.922 T399E 406162 17/09/2023 Books
        VIVEKANANDA LIBRARY VIVEKANANDA LIBRARY 17/01/2023   150.922 T399E 406163 17/09/2023 Books
© Designed and Maintained by Vivekananda Library, MDU Rohtak